| 000 | 00404nam a2200169Ia 4500 | ||
|---|---|---|---|
| 005 | 20140402110035.0 | ||
| 008 | 140130s9999 xx 000 0 und d | ||
| 050 |
_aE 99.C5 _b.B887 2000 |
||
| 245 |
_cBruchac, Joseph _aThe trail of tears |
||
| 260 |
_bScholastic, _c1999 |
||
| 300 |
_a47 p. : _bill. ; _c23 cm. |
||
| 440 | _v1 | ||
| 521 | _aG4 | ||
| 526 | _c610 | ||
| 942 |
_cBK _2lcc |
||
| 999 |
_c40787 _d40787 |
||